000 00625nam a22001937a 4500
008 151201b xxu||||| |||| 00| 0 eng d
020 _a0025940503
041 0 _aeng
080 _a792.05
100 1 _aOsborne, Charles,
_d1927-
245 1 4 _aThe world theatre of Wagner :
_cCharles Osborne ; preface by Sir Colin Davis.
250 _a1st American ed.
260 _aNew York :
_bMacmillan,
_c1982.
300 _a224 f. :
_bme il.;
_c32 cm.
600 _aWagner, Richard,
_d1813-1883.
_tOperas.
650 0 _aOpera
700 _aDavis, Colin,
_d1927-2013.
942 _2udc
_cBK
999 _c1395
_d1395